| 000 | 01058nac a22002771i 4500 | ||
|---|---|---|---|
| 003 | EG-ScBUE | ||
| 005 | 20231116094533.0 | ||
| 008 | 121105s1960 l f 000 0aara d | ||
| 040 |
_aEG-ScBUE _bara _erda _cEG-ScBUE _dEG-ScBUE |
||
| 041 | 1 |
_aara _hfre |
|
| 043 |
_ae-fr--- _aa-ye--- |
||
| 082 | 0 | 4 |
_a610.92 _bف ا ي _222 |
| 100 | 1 |
_aفايان، كلوري، _eمؤلف. _931247 |
|
| 245 | 1 | 0 |
_aكنت طبيبة في اليمن / _cكلوري فايان ؛ تعريب محسن العيني. |
| 260 | _aالطبعة الأولى. | ||
| 264 | 1 |
_aبيروت : _bدار الطليعة للطباعة والنشر، _c1960. |
|
| 300 |
_a270 صفحة ؛ _c24 سم |
||
| 336 |
_2rdacontent _aنص _btxt |
||
| 337 |
_aبدون وسيط _2rdamedia _bn |
||
| 338 |
_aمجلد _bnc _2rdacarrier |
||
| 546 | _aالنص باللغة العربية وتم ترجمته من اللغة الفرنسية. | ||
| 650 | 7 |
_2BUEsh _aالأطباء الفرنسيون _vتراجم. |
|
| 655 | _vReading book | ||
| 700 | 1 |
_aعيني، محسن، _eمترجم. |
|
| 942 |
_cBB _2ddc |
||
| 999 |
_c7812 _d7812 |
||